Engineering Graphics & Design (Record no. 8186)
[ view plain ]
| 000 -LEADER | |
|---|---|
| fixed length control field | 00318nam a2200133Ia 4500 |
| 008 - FIXED-LENGTH DATA ELEMENTS--GENERAL INFORMATION | |
| fixed length control field | 191201s2019 xx 000 0 und d |
| 100 ## - MAIN ENTRY--PERSONAL NAME | |
| Personal name | GAUTAM, AP |
| 245 #0 - TITLE STATEMENT | |
| Title | Engineering Graphics & Design |
| 250 ## - EDITION STATEMENT | |
| Edition statement | rep |
| 260 ## - PUBLICATION, DISTRIBUTION, ETC. (IMPRINT) | |
| Name of publisher, distributor, etc | Khanna Publisher |
| Place of publication, distribution, etc | NEW DELHI |
| 300 ## - PHYSICAL DESCRIPTION | |
| Extent | 275 |
| 700 ## - ADDED ENTRY--PERSONAL NAME | |
| Personal name | JAIN, Pradeep |
| 942 ## - ADDED ENTRY ELEMENTS (KOHA) | |
| Source of classification or shelving scheme | Dewey Decimal Classification |
| Koha item type | Text Books |
| Withdrawn status | Lost status | Source of classification or shelving scheme | Damaged status | Not for loan | Collection code | Home library | Current library | Date acquired | Source of acquisition | Cost, normal purchase price | Bill Number | Total Checkouts | Full call number | Acc. no. / Barcode | Date last seen | Actual Cost, discounted price | Bill Date | Koha item type | Date last borrowed |
|---|---|---|---|---|---|---|---|---|---|---|---|---|---|---|---|---|---|---|---|
| Dewey Decimal Classification | Diploma in Mechanical | PIET C-LIBRARY | PIET C-LIBRARY | 18/05/2019 | KIRTI PRAKASHAN, NEW DELHI | 299.00 | IN3913 | 620.04 JAE | DE1347 | 04/12/2019 | 218.27 | 18/05/2019 | Text Books | ||||||
| Dewey Decimal Classification | Diploma in Mechanical | PIET C-LIBRARY | PIET C-LIBRARY | 18/05/2019 | KIRTI PRAKASHAN, NEW DELHI | 299.00 | IN3913 | 604.02 GAE | DE1348 | 04/12/2019 | 218.27 | 18/05/2019 | Text Books | ||||||
| Dewey Decimal Classification | Diploma in Mechanical | PIET C-LIBRARY | PIET C-LIBRARY | 18/05/2019 | KIRTI PRAKASHAN, NEW DELHI | 299.00 | IN3913 | 1 | 604.02 GAE | DE1349 | 30/10/2023 | 218.27 | 18/05/2019 | Text Books | 16/10/2023 |